|
|
|
|
| LEADER |
00000nam a2200000 a 4500 |
| 001 |
vtls001483457 |
| 003 |
SK-MaSNL |
| 005 |
20260302073706.0 |
| 008 |
171201s2002 fi d 00000 eng |
| 020 |
|
|
|a 9525217329
|q (brož.)
|
| 035 |
|
|
|a SNK000438752
|
| 040 |
|
|
|a SNK
|b slo
|c SNK
|e AACR2
|
| 041 |
0 |
|
|a eng
|
| 044 |
|
|
|a fi
|c FI
|
| 072 |
|
7 |
|a 374
|x Výchova a vzdelávanie dospelých. Mimoškolská výchova a vzdelávanie
|2 konspekt
|
| 080 |
|
|
|a 374.7
|2 MDT-MRF
|
| 080 |
|
|
|a 37.013.83
|2 MDT-MRF
|
| 080 |
|
|
|a 37.0-022.324
|2 MDT-MRF
|
| 080 |
|
|
|a ((083.94)
|2 MDT-MRF
|
| 245 |
0 |
0 |
|a Attracting new target groups in adult education
|b a manual for adult education practitioners : project Socrates
|c edited by Taina Saarinen
|
| 250 |
|
|
|a [1st ed.]
|
| 260 |
|
|
|a Turku
|c 2002
|
| 300 |
|
|
|a 125 s.
|b sch.
|c 23 cm
|
| 650 |
0 |
7 |
|a vzdelávanie dospelých
|2 SNKPH
|9 4999
|
| 650 |
0 |
7 |
|a andragogika
|2 SNKPH
|9 67508
|
| 650 |
0 |
7 |
|a celoživotné vzdelávanie
|2 SNKPH
|9 28858
|
| 655 |
|
7 |
|a projekty
|2 SNKPH
|9 70560
|
| 700 |
1 |
|
|a Saarinen, Taina
|4 zos
|9 640628
|
| 919 |
|
|
|a 952-5217-32-9
|
| 999 |
|
|
|c 1161973
|d 1163903
|
| 952 |
|
|
|t P60, <04>, [BOOK], {604}, -K-
|a SNK
|b SNK
|y VYP
|7 0
|p 17A0445575
|o snkIC 131738
|i snkD 1178/2004
|8 1
|0 0
|1 0
|4 0
|d 2004-10-13
|l 0
|r 2005-01-02 00:00:00
|w 2026-02-24
|